Celebrity Sorting #1 - Statistics

General Stats
  • This quiz has been taken 69 times
  • The average score is 6 of 10
Answer Stats
Hint Answer % Correct
Martin Scorsese Director
83%
Henry Ford Entrepreneur/Businessperson
77%
Martin Luther Religious Leader
77%
Alex Morgan Athlete
68%
Dave Bautista Actor
62%
Robert Mugabe Politican
60%
Johannes Vermeer Painter
57%
Eddie Vedder Musican
55%
Rachel Maddow Reporter/Journalist
55%
Langston Hughes Author
53%
No matching quizzes found
Score Distribution
Percent of People with Each Score
Percentile by Number Answered
Your Score History
You have not taken this quiz